<?xml version="1.0" encoding="UTF-8"?>
<record
    xmlns:xsi="http://www.w3.org/2001/XMLSchema-instance"
    xsi:schemaLocation="http://www.loc.gov/MARC21/slim http://www.loc.gov/standards/marcxml/schema/MARC21slim.xsd"
    xmlns="http://www.loc.gov/MARC21/slim">

  <leader>00659nam a22001817a 4500</leader>
  <controlfield tag="005">20171101163826.0</controlfield>
  <datafield tag="010" ind1=" " ind2=" ">
    <subfield code="a">ENG-120973</subfield>
  </datafield>
  <datafield tag="020" ind1=" " ind2=" ">
    <subfield code="c">120.00</subfield>
  </datafield>
  <datafield tag="035" ind1=" " ind2=" ">
    <subfield code="a">EN-104505</subfield>
  </datafield>
  <datafield tag="037" ind1=" " ind2=" ">
    <subfield code="b">DBAD/PUB</subfield>
  </datafield>
  <datafield tag="082" ind1=" " ind2=" ">
    <subfield code="a">627.131</subfield>
  </datafield>
  <datafield tag="100" ind1=" " ind2=" ">
    <subfield code="a">Venkteswarlu</subfield>
  </datafield>
  <datafield tag="245" ind1=" " ind2=" ">
    <subfield code="a">Manufacturing technology-II :</subfield>
    <subfield code="c">by Venkteswarlu,P. Rangaiah [and] P. Niranjan Rao</subfield>
    <subfield code="b">for polytecnic mechanical engineering-IV Semester (second semister) </subfield>
  </datafield>
  <datafield tag="260" ind1=" " ind2=" ">
    <subfield code="a">Vijaywada</subfield>
    <subfield code="b">VGS Book Links</subfield>
    <subfield code="c">2017</subfield>
  </datafield>
  <datafield tag="270" ind1=" " ind2=" ">
    <subfield code="a">#5-6-59/3,IInd floor Tanmmina Krishna Street Behind Sairam Theatre</subfield>
    <subfield code="b">Vijaywada</subfield>
    <subfield code="e">9</subfield>
  </datafield>
  <datafield tag="300" ind1=" " ind2=" ">
    <subfield code="a">Verious Pagings</subfield>
    <subfield code="c">28cm(pbk)</subfield>
    <subfield code="b">ill</subfield>
  </datafield>
  <datafield tag="942" ind1=" " ind2=" ">
    <subfield code="2">ddc</subfield>
    <subfield code="c">EN</subfield>
    <subfield code="h">327.131</subfield>
    <subfield code="m">VEN</subfield>
  </datafield>
  <datafield tag="999" ind1=" " ind2=" ">
    <subfield code="c">147081</subfield>
    <subfield code="d">147081</subfield>
  </datafield>
  <datafield tag="952" ind1=" " ind2=" ">
    <subfield code="0">0</subfield>
    <subfield code="1">0</subfield>
    <subfield code="4">0</subfield>
    <subfield code="7">1</subfield>
    <subfield code="8">NFIC</subfield>
    <subfield code="a">DBAD</subfield>
    <subfield code="b">BN</subfield>
    <subfield code="d">2017-10-11</subfield>
    <subfield code="e">DBAD/PUB</subfield>
    <subfield code="g">120.00</subfield>
    <subfield code="l">0</subfield>
    <subfield code="o">327.131 VEN</subfield>
    <subfield code="p">EN-104505</subfield>
    <subfield code="r">2017-11-01 00:00:00</subfield>
    <subfield code="t">1</subfield>
    <subfield code="v">120.00</subfield>
    <subfield code="y">EN</subfield>
  </datafield>
</record>
